Trust : (Record no. 355612)

000 -LEADER
fixed length control field 01403cam a2200373 a 4500
001 - CONTROL NUMBER
control field 12575318
003 - CONTROL NUMBER IDENTIFIER
control field Nust- CAS-E
005 - DATE AND TIME OF LATEST TRANSACTION
control field 20180118181407.0
008 - FIXED-LENGTH DATA ELEMENTS--GENERAL INFORMATION
fixed length control field 011030s2001 enka b 001 0 eng d
010 ## - LIBRARY OF CONGRESS CONTROL NUMBER
LC control number 2001275904
015 ## - NATIONAL BIBLIOGRAPHY NUMBER
National bibliography number GBA1-W8607
020 ## - INTERNATIONAL STANDARD BOOK NUMBER
International Standard Book Number 0471491306
035 ## - SYSTEM CONTROL NUMBER
System control number (OCoLC)ocm47271489
040 ## - CATALOGING SOURCE
Original cataloging agency UKM
Transcribing agency UKM
Modifying agency DLC
042 ## - AUTHENTICATION CODE
Authentication code lccopycat
050 00 - LIBRARY OF CONGRESS CALL NUMBER
Classification number HD58.9
Item number .C78 2001
082 00 - DEWEY DECIMAL CLASSIFICATION NUMBER
Classification number 658.4
Edition number 21
Author Mark BRI-T 2001
100 1# - MAIN ENTRY--PERSONAL NAME
Personal name Cruise O'Brien, Rita.
245 10 - TITLE STATEMENT
Title Trust :
Remainder of title releasing the energy to succeed /
Statement of responsibility, etc. Rita Cruise O'Brien.
260 ## - PUBLICATION, DISTRIBUTION, ETC.
Place of publication, distribution, etc. Chichester;
-- New York :
Name of publisher, distributor, etc. Wiley
Date of publication, distribution, etc. c2001.
300 ## - PHYSICAL DESCRIPTION
Extent xxii, 234 p. :
Other physical details ill. ;
Dimensions 24 cm.
502 ## - DISSERTATION NOTE
Dissertation note 0
504 ## - BIBLIOGRAPHY, ETC. NOTE
Bibliography, etc. note Includes index.
504 ## - BIBLIOGRAPHY, ETC. NOTE
Bibliography, etc. note Includes bibliographical references (p. 223-224) and index.
650 #0 - SUBJECT ADDED ENTRY--TOPICAL TERM
Topical term or geographic name entry element Organizational effectiveness.
650 #0 - SUBJECT ADDED ENTRY--TOPICAL TERM
Topical term or geographic name entry element Trust.
650 #0 - SUBJECT ADDED ENTRY--TOPICAL TERM
Topical term or geographic name entry element Communication in management.
856 42 - ELECTRONIC LOCATION AND ACCESS
Materials specified Contributor biographical information
Uniform Resource Identifier <a href="http://www.loc.gov/catdir/bios/wiley043/2001275904.html">http://www.loc.gov/catdir/bios/wiley043/2001275904.html</a>
856 42 - ELECTRONIC LOCATION AND ACCESS
Materials specified Publisher description
Uniform Resource Identifier <a href="http://www.loc.gov/catdir/description/wiley036/2001275904.html">http://www.loc.gov/catdir/description/wiley036/2001275904.html</a>
856 41 - ELECTRONIC LOCATION AND ACCESS
Materials specified Table of contents
Uniform Resource Identifier <a href="http://www.loc.gov/catdir/toc/wiley021/2001275904.html">http://www.loc.gov/catdir/toc/wiley021/2001275904.html</a>
906 ## - LOCAL DATA ELEMENT F, LDF (RLIN)
a 7
b cbc
c copycat
d 2
e ncip
f 20
g y-gencatlg
942 ## - ADDED ENTRY ELEMENTS (KOHA)
Source of classification or shelving scheme
Koha item type Book
Holdings
Withdrawn status Lost status Source of classification or shelving scheme Damaged status Not for loan Collection code Permanent Location Current Location Shelving location Date acquired Source of acquisition Cost, normal purchase price Total Checkouts Full call number Barcode Date last seen Price effective from Koha item type
            US-Pakistan Center for Advanced Studies in Energy (USPCAS-E) US-Pakistan Center for Advanced Studies in Energy (USPCAS-E)   11/10/2015 Multiline Books 6185.00   658.4 BRI-T 2001 CAS-E0000565 11/10/2015 11/10/2015 Book
© 2023 Central Library, National University of Sciences and Technology. All Rights Reserved.